Yüklüyor......

Saakunthalam

Detaylı Bibliyografya
Yazar: Bhasi, Thoppil
Materyal Türü: Printed Book
Baskı/Yayın Bilgisi: 1987
LEADER 003270000a22001090004500
040 |a MAL 
082 |a A2 BHA/S M7 
100 |a Bhasi, Thoppil 
245 |a Saakunthalam 
260 |c 1987 
999 |c 20980  |d 20980 
952 |0 0  |1 0  |4 0  |6 A_000000000000000_2_BHAS_M7  |7 0  |8 MAL  |9 20796  |a MGUL  |b MGUL  |d 2013-07-16  |l 0  |o A2 BHA/S M7  |p 08448  |r 2013-07-16  |w 2013-07-16  |y BK